[Event "Scarborough CC-ch Reserves U1400"]
[Site "Toronto"]
[Date "2012.04.12"]
[Round "4"]
[White "Pulogarajah, Kaarthic"]
[Black "Balendra, Harigaran"]
[Result "0-1"]
[WhiteElo "998"]
[BlackElo "1236"]
[PlyCount "100"]
[EventDate "2012.03.22"]
[EventType "swiss"]
[EventRounds "9"]
[EventCountry "CAN"]
[SourceTitle "EXT 2022"]
[Source "ChessBase"]
[SourceDate "2021.10.06"]
[SourceVersion "1"]
[SourceVersionDate "2021.10.06"]
[SourceQuality "1"]

1. e4 c5 2. Nf3 d6 3. d4 cxd4 4. Nxd4 Nf6 5. Nc3 e5 6. Nf3 Be7 7. Bb5+ Bd7 8. Bxd7+ Nbxd7 9. 0-0 0-0 10. Bg5 h6 11. Bxf6 Nxf6 12. h3 Qb6 13. Nd5 Nxd5 14. Qxd5 Rfc8 15. c4 Rc5 16. Qd3 Bf8 17. Rab1 Qa6 18. b4 Qxc4 19. Qxc4 Rxc4 20. Nd2 Rc2 21. Rfd1 Rxa2 22. Nc4 Rd8 23. Nxe5 f6 24. Ng6 Kf7 25. Nxf8 Kxf8 26. f4 Re2 27. Re1 Rxe1+ 28. Rxe1 Re8 29. f5 d5 30. Ra1 Rxe4 31. b5 Rb4 32. Rxa7 Rxb5 33. Ra8+ Kf7 34. Rd8 b6 35. Rd7+ Kg8 36. g4 Rb1+ 37. Kg2 Rb2+ 38. Kg3 Rb5 39. Kh4 Kh7 40. Kh5 Rc5 41. h4 Rc8 42. g5 hxg5 43. hxg5 fxg5 44. Kxg5 Rf8 45. Rxd5 Rf7 46. Rb5 Rf6 47. Re5 Rh6 48. Re6 Rxe6 49. fxe6 Kg8 50. Kg6 Kf8 0-1

[Event "Scarborough CC Winter End U1400"]
[Site "Toronto"]
[Date "2012.03.08"]
[Round "4"]
[White "Balendra, Harigaran"]
[Black "Liu, Daniel1111"]
[Result "1-0"]
[WhiteElo "1213"]
[BlackElo "1019"]
[PlyCount "89"]
[EventDate "2012.02.16"]
[EventType "swiss"]
[EventRounds "5"]
[EventCountry "CAN"]
[SourceTitle "EXT 2022"]
[Source "ChessBase"]
[SourceDate "2021.10.06"]
[SourceVersion "1"]
[SourceVersionDate "2021.10.06"]
[SourceQuality "1"]

1. e4 e5 2. Nf3 Nc6 3. Bb5 Bc5 4. 0-0 Nf6 5. d3 d6 6. Bg5 h6 7. Bh4 Be6 8. Nc3 a6 9. Ba4 b5 10. Bb3 Nd4 11. Rb1 Nxb3 12. cxb3 c6 13. d4 exd4 14. Nxd4 Bd7 15. Re1 Qe7 16. Nf5 Qe5 17. Bg3 Bxf2+ 18. Bxf2 Kf8 19. Bg3 Qe6 20. Bxd6+ Kg8 21. Ne7+ Kh7 22. e5 Ng8 23. Qd3+ g6 24. Nxg8 Rhxg8 25. Ne4 Kh8 26. Nc5 Qe8 27. Qc3 Bf5 28. Rbc1 Rc8 29. e6+ Kh7 30. exf7 Qd8 31. fxg8Q+ Kxg8 32. Be7 Qe8 33. Rcd1 Qf7 34. Nd7 Bxd7 35. Rxd7 Re8 36. Rc7 g5 37. Bd6 Rxe1+ 38. Qxe1 Qg6 39. Rd7 h5 40. Qf1 Qh6 41. Rd8+ Kh7 42. Qf5+ Qg6 43. Rd7+ Kh6 44. Bf8+ Qg7 45. Rd6# 1-0

[Event "Scarborough CC Winter End U1400"]
[Site "Toronto"]
[Date "2012.02.16"]
[Round "1"]
[White "Wu, Mark"]
[Black "Balendra, Harigaran"]
[Result "0-1"]
[WhiteElo "992"]
[BlackElo "1213"]
[PlyCount "68"]
[EventDate "2012.02.16"]
[EventType "swiss"]
[EventRounds "5"]
[EventCountry "CAN"]
[SourceTitle "EXT 2022"]
[Source "ChessBase"]
[SourceDate "2021.10.06"]
[SourceVersion "1"]
[SourceVersionDate "2021.10.06"]
[SourceQuality "1"]

1. d4 d5 2. c4 c6 3. e3 Bf5 4. Nc3 e6 5. Nf3 Nd7 6. Be2 dxc4 7. Bxc4 Ngf6 8. 0-0 Bd6 9. Re1 Bg4 10. h3 Bh5 11. Be2 Nd5 12. Rb1 Bg6 13. Ra1 0-0 14. Nd2 Qc7 15. Nc4 Nb4 16. Nxd6 Qxd6 17. Rf1 Nc2 18. Rb1 Nb4 19. Ra1 Nb6 20. a3 N4d5 21. Re1 Rfe8 22. Bh5 Rf8 23. e4 Nc7 24. Be3 Nb5 25. Bf3 Nc4 26. Nxb5 cxb5 27. Bc1 Qb6 28. b3 Na5 29. b4 Nc4 30. Bf4 Rad8 31. d5 Nb2 32. Qc2 Nc4 33. a4 exd5 34. exd5 Bxc2 0-1

[Event "Scarborough CC Frost U1400"]
[Site "Toronto"]
[Date "2012.02.09"]
[Round "6"]
[White "Balendra, Harigaran"]
[Black "Dattani, Dinesh"]
[Result "0-1"]
[WhiteElo "1181"]
[BlackElo "1237"]
[PlyCount "104"]
[EventDate "2012.01.05"]
[EventType "swiss"]
[EventRounds "6"]
[EventCountry "CAN"]
[SourceTitle "EXT 2022"]
[Source "ChessBase"]
[SourceDate "2021.10.06"]
[SourceVersion "1"]
[SourceVersionDate "2021.10.06"]
[SourceQuality "1"]

1. e4 e5 2. Nf3 d6 3. Bc4 Be7 4. h3 Nf6 5. d3 0-0 6. 0-0 Nbd7 7. Nc3 c6 8. a3 h6 9. Be3 b5 10. Bb3 Nb6 11. a4 b4 12. Ne2 a5 13. Ng3 Qc7 14. Rb1 Be6 15. c3 d5 16. Bxb6 Qxb6 17. Nxe5 Bd6 18. Nf3 Bxg3 19. Nd4 Bc7 20. Re1 Rad8 21. Qc2 Be5 22. Nf3 Bb8 23. Nd4 Bc8 24. e5 Nh7 25. Rbd1 Rfe8 26. Nf3 Bc7 27. d4 Qb8 28. Ba2 Re6 29. Bb1 g6 30. h4 Kg7 31. h5 Nf8 32. Re3 c5 33. hxg6 Nxg6 34. Rc1 Bb6 35. g3 Qa7 36. Rd1 Qe7 37. Rde1 Rc6 38. Nh4 Qg5 39. Nf3 Qg4 40. Nh2 Qh5 41. Qd3 Bg4 42. f3 Bh3 43. R1e2 cxd4 44. cxd4 Rc1+ 45. Re1 Rdc8 46. Qd2 Rxe1+ 47. Rxe1 Qg5 48. f4 Qxg3+ 49. Kh1 Nxf4 50. Rg1 Rc1 51. Nf3 Bg2+ 52. Qxg2 Qxg2# 0-1